Statistics for AFL Stadiums 2017

Click here to take the quiz!

General Stats

  • This quiz has been taken 86 times
  • The average score is 10 of 17

Answer Stats

State/Location Stadium % Correct
VictoriaMelbourne Cricket Ground
100%
VictoriaEtihad Stadium
91%
New South WalesSydney Cricket Ground
89%
QueenslandThe Gabba
84%
South AustraliaAdelaide Oval
81%
QueenslandMetricon Stadium
79%
New South WalesSpotless Stadium
70%
Western AustraliaDomain Stadium
70%
VictoriaSimonds Stadium
61%
Northern TerritoryTIO Stadium
51%
TasmaniaBlundstone Arena
44%
ACTManuka Oval
40%
QueenslandCazaly's Stadium
30%
TasmaniaUniversity of Tasmania Stadium
26%
ChinaJiangwan Stadium
21%
VictoriaEureka Stadium
14%
Northern TerritoryTraeger Park
14%

Score Distribution

Percentile by Number Answered

Percent of People with Each Score

Your Score History

You have not taken this quiz